000 00996cam a22002897a 4500
003 CHAP
005 20220817041723.0
008 971013s1964 r 00010 d
010 _a22562
011 _a23534
035 _a27630
040 _cCHAP
082 _a338.176
_bA8
111 0 0 _aAustralia. Bureau of Agricultural Economics.
_98374
245 1 4 _aThe economics of crop fattening of beef cattle in southernland central Queensland 1958 to 1962
260 _aCanberra :
_bAustralia. Bureau of Agricultural Economics,
_c1964
300 _a87 p.
_b; gráfs
590 _aBATCH-UPD
_b10
_c20130110
_lUCH01
_h1815
590 _aBATCH-UPD
_b10
_c20130410
_lUCH01
_h1149
590 _aCONVERSION
_b10
_c20130109
_lUCH01
_h1313
650 1 4 _aAlimentos y alimentacion del ganado
_xCostos de produccion.
_94331
650 1 4 _aForrajes.
650 1 4 _aGanado de carne
_xEngorda.
_945081
901 _aBK
942 _cLIBRO
949 _a338.176 A8
_bBC
_cLIBRO
_d33724000154886
_eLIBRO
_h40941
_i27630
_mD
_si
999 _c22562
_d22562